[Event "TCh-CHN"]
[Site "Ningbo City CHN"]
[Date "2010.04.16"]
[Round "1"]
[White "Bu, Xiangzhi"]
[Black "Zhou, Weiqi"]
[Result "1/2-1/2"]
[WhiteTitle "GM"]
[BlackTitle "GM"]
[WhiteElo "2682"]
[BlackElo "2584"]
[WhiteTeam "SHANGDONG Linglong"]
[BlackTeam "Lanpo JIANGSU"]
[WhiteFideId "8601445"]
[BlackFideId "8601674"]
[EventDate "2010.05.23"]

1. Nf3 Nf6 2. g3 d5 3. Bg2 e6 4. O-O Be7 5. d3 b6 6. Nbd2 Bb7 7. b3 O-O 8. Bb2
Nbd7 9. Re1 c5 10. e4 d4 11. b4 e5 12. b5 a6 13. a4 Bd6 14. Nc4 Bc7 15. c3 axb5
16. axb5 Rxa1 17. Qxa1 Qa8 18. cxd4 exd4 19. Qd1 Qb8 20. Bh3 Re8 21. Bc1 h6 22.
Bd2 Bc8 23. Qc1 Nf8 24. Bxc8 Qxc8 25. Nh4 Qh3 26. f3 Ne6 27. Nf5 Ra8 28. Re2 Nf8
29. Qf1 Qxf1+ 30. Kxf1 h5 31. Kf2 1/2-1/2

[Event "TCh-CHN"]
[Site "Ningbo City CHN"]
[Date "2010.04.16"]
[Round "1"]
[White "Zhang, Jilin"]
[Black "Ruan, Lufei"]
[Result "1/2-1/2"]
[WhiteTitle "WGM"]
[BlackTitle "WGM"]
[WhiteElo "2281"]
[BlackElo "2479"]
[WhiteTeam "SHANGDONG Linglong"]
[BlackTeam "Lanpo JIANGSU"]
[WhiteFideId "8602867"]
[BlackFideId "8602727"]
[EventDate "2010.05.23"]

1. e4 e5 2. Nf3 Nc6 3. d4 exd4 4. Nxd4 Nf6 5. Nc3 Bb4 6. Nxc6 bxc6 7. Bd3 d5 8.
exd5 cxd5 9. O-O O-O 10. Bg5 c6 11. Qf3 Bd6 12. Bxf6 Qxf6 13. Qxf6 gxf6 14. Ne2
Rb8 15. Rab1 Bd7 16. Ng3 c5 17. c3 Rb6 18. Nf5 c4 19. Bc2 Bxf5 20. Bxf5 Re8 21.
Bg4 Reb8 22. Rbd1 Rxb2 23. Rxd5 Be5 24. Rd7 Bxc3 25. Bh5 Rf8 26. Rc7 Rxa2 27.
Rxc4 Bd2 28. Rb1 a5 29. Rg4+ Kh8 30. Bxf7 1/2-1/2

[Event "TCh-CHN"]
[Site "Ningbo City CHN"]
[Date "2010.04.16"]
[Round "1"]
[White "Yu, Lie"]
[Black "Zhang, Pengxiang"]
[Result "1/2-1/2"]
[BlackTitle "GM"]
[WhiteElo "2407"]
[BlackElo "2605"]
[WhiteTeam "ZHEJIANG"]
[BlackTeam "HEBEI"]
[WhiteFideId "8603715"]
[BlackFideId "8600970"]
[EventDate "2010.05.23"]

1. e4 e5 2. Nf3 Nc6 3. Bb5 a6 4. Ba4 Nf6 5. O-O Nxe4 6. d4 b5 7. Bb3 d5 8. dxe5
Be6 9. Be3 Be7 10. c3 O-O 11. Nbd2 Bg4 12. Bf4 Nc5 13. Bc2 d4 14. h3 Bh5 15. Nb3
d3 16. Bb1 Bg6 17. Nbd4 Qd5 18. a3 Ne6 19. Be3 Na5 20. Ne1 Rad8 21. Bxd3 Nxd4
22. cxd4 Nb3 23. Rb1 c5 24. f4 Bxd3 25. Qxd3 cxd4 26. Bd2 Nc5 27. Qf3 d3 28.
Qxd5 Rxd5 29. b4 Ne4 30. Nf3 Rc8 31. Rfe1 Nxd2 32. Nxd2 Rc2 33. Red1 g5 34. g3
gxf4 35. gxf4 f6 36. Rb3 fxe5 37. fxe5 Bg5 38. Nf1 d2 39. Rg3 h6 40. Rxd2 Rcxd2
41. Nxd2 Rxd2 42. h4 Kf7 43. hxg5 hxg5 44. Rxg5 Rd3 45. Rf5+ Ke7 46. Rf6 Rxa3
47. Kf2 Ra4 1/2-1/2

[Event "TCh-CHN"]
[Site "Ningbo City CHN"]
[Date "2010.04.16"]
[Round "1"]
[White "Lu, Shanglei"]
[Black "Wan, Yunguo"]
[Result "1-0"]
[WhiteElo "2340"]
[BlackElo "2424"]
[WhiteTeam "ZHEJIANG"]
[BlackTeam "HEBEI"]
[WhiteFideId "8603332"]
[BlackFideId "8603189"]
[EventDate "2010.05.23"]

1. e4 e6 2. d4 d5 3. Nd2 c5 4. Ngf3 cxd4 5. exd5 Qxd5 6. Bc4 Qd6 7. O-O Nf6 8.
Nb3 Nc6 9. Nbxd4 Nxd4 10. Qxd4 Qxd4 11. Nxd4 Bd7 12. Be2 Rc8 13. Bf3 b5 14. Bf4
b4 15. Rad1 Bc5 16. Bb7 Bxd4 17. Bxc8 Bxb2 18. Bxd7+ Nxd7 19. Bd6 a5 20. Rb1 Be5
21. Rfd1 Bxd6 22. Rxd6 Nb8 23. Rb6 Ke7 24. Rb7+ Kf6 25. Rb3 Rd8 26. Rd3 Rxd3 27.
cxd3 Nc6 28. f4 Nd4 29. Kf2 Nc2 30. Ra7 Nd4 31. Ke3 Nf5+ 32. Ke4 Nd6+ 33. Kf3
Nf5 34. Rxa5 1-0

[Event "TCh-CHN"]
[Site "Ningbo City CHN"]
[Date "2010.04.16"]
[Round "1"]
[White "Zeng, Chongsheng"]
[Black "Yu, Yangyi"]
[Result "0-1"]
[BlackTitle "GM"]
[WhiteElo "2350"]
[BlackElo "2574"]
[WhiteTeam "BEIJING Rendafuzhong"]
[BlackTeam "BEIJING Aigo"]
[WhiteFideId "8603847"]
[BlackFideId "8603820"]
[EventDate "2010.05.23"]

1. d4 d5 2. c4 c6 3. Nf3 Nf6 4. e3 g6 5. Nc3 Bg7 6. Be2 O-O 7. O-O e6 8. Qb3 Qe7
9. Bd2 Nbd7 10. Rac1 dxc4 11. Bxc4 e5 12. h3 e4 13. Nh2 Nb6 14. Be2 Re8 15. a4
Nbd5 16. Rfd1 Be6 17. Bc4 h5 18. Nxd5 Nxd5 19. f3 Nb6 20. Bxe6 Qxe6 21. Qc2 Nd5
22. Rf1 f5 23. f4 Bf8 24. Qc4 a5 25. Rfd1 h4 26. Nf1 Bd6 27. Qe2 Qf6 28. Qe1 g5
29. fxg5 Qxg5 30. Qf2 Kf7 31. Be1 Rh8 32. Rc5 Ke6 33. Rxa5 Rxa5 34. Bxa5 f4 35.
Qc2 fxe3 36. Nh2 Nf4 37. Qb3+ Qd5 38. Qxe3 Qxa5 39. Qxe4+ Kd7 40. Ng4 Kc7 41.
Rf1 Qd2 42. Rf2 Qd1+ 0-1

[Event "TCh-CHN"]
[Site "Ningbo City CHN"]
[Date "2010.04.16"]
[Round "1"]
[White "Wang, Chen"]
[Black "Li, Haoyu"]
[Result "0-1"]
[WhiteElo "2390"]
[BlackElo "2369"]
[WhiteTeam "China Mobile CHONGQING"]
[BlackTeam "TIANJIN Nan Kai"]
[WhiteFideId "8601020"]
[BlackFideId "8601488"]
[EventDate "2010.05.23"]

1. e4 e5 2. Nc3 Nf6 3. Nf3 Nc6 4. d4 exd4 5. Nxd4 Bb4 6. Nxc6 bxc6 7. Bd3 d5 8.
exd5 cxd5 9. O-O O-O 10. Bg5 c6 11. Qf3 Be7 12. Rfe1 Re8 13. h3 h6 14. Bh4 Bd7
15. Re2 Rb8 16. Rae1 Rxb2 17. Bf5 Rb8 18. Rxe7 Rxe7 19. Rxe7 Qxe7 20. Bxf6 Qxf6
21. Bxd7 Qxf3 22. gxf3 Rb2 23. Bxc6 d4 24. Nb5 Rxc2 25. Be4 Rxa2 26. Nxd4 Ra1+
27. Kg2 a5 28. Bd5 Rd1 29. Nc6 a4 30. Bc4 a3 31. Ne5 Kf8 32. Nxf7 Rc1 33. Bb3
Rc3 34. Ba2 Rc2 35. Bb3 Rb2 36. Bc4 a2 37. Bxa2 Rxa2 38. Ne5 Ke7 39. Ng4 Ke6 40.
Ne3 Ke5 41. Kg3 Ra6 42. Ng4+ Kd4 43. h4 h5 44. Ne3 Kd3 45. Kf4 Ke2 46. Kg5 Kxf2
47. Nc4 Kxf3 48. Kxh5 Kf4 49. Nb2 Rh6# 0-1

[Event "TCh-CHN"]
[Site "Ningbo City CHN"]
[Date "2010.04.16"]
[Round "1"]
[White "Tan, Zhongyi"]
[Black "Zheng, Ruorong"]
[Result "1-0"]
[WhiteTitle "WGM"]
[WhiteElo "2464"]
[BlackElo "2094"]
[WhiteTeam "China Mobile CHONGQING"]
[BlackTeam "TIANJIN Nan Kai"]
[WhiteFideId "8603642"]
[BlackFideId "8604045"]
[EventDate "2010.05.23"]

1. c4 e6 2. Nf3 Nf6 3. g3 d5 4. Bg2 Be7 5. O-O O-O 6. b3 c6 7. Bb2 b6 8. d3 Bb7
9. Nbd2 c5 10. Qc2 Nc6 11. a3 d4 12. e4 dxe3 13. fxe3 Ng4 14. Rfe1 Bf6 15. Bxf6
Qxf6 16. Nf1 Rab8 17. Rad1 Rfd8 18. Re2 Nce5 19. Nxe5 Nxe5 20. Rf2 Qg6 21. d4
Qxc2 22. Rxc2 cxd4 23. exd4 Nf3+ 24. Bxf3 Bxf3 25. Rdd2 b5 26. Rc3 Be4 27. Ne3
h5 28. Kf2 Kf8 29. Nd1 b4 30. axb4 Rxb4 31. Ke3 Ba8 32. Ra2 Rd7 33. Nb2 Rb8 34.
Na4 Bc6 35. Nc5 Re7 36. Ra5 g6 37. Rc2 Rc8 38. b4 g5 39. Rca2 f5 40. Rxa7 Rb8
41. b5 Be8 42. R2a6 e5 43. Rf6+ Kg7 44. Rxe7+ Kxf6 45. Re6+ Kf7 46. Rxe5 Kf6 47.
Re6+ Kg7 48. d5 Bf7 49. Re5 Kg6 50. Kd4 h4 51. gxh4 gxh4 52. Re7 Rd8 53. Nd7 Be8
54. Ne5+ Kf6 55. Re6+ Kg7 56. b6 1-0

[Event "TCh-CHN"]
[Site "Ningbo City CHN"]
[Date "2010.04.16"]
[Round "1"]
[White "Ning, Chunhong"]
[Black "Huang, Qian"]
[Result "1-0"]
[WhiteTitle "WGM"]
[BlackTitle "WGM"]
[WhiteElo "2347"]
[BlackElo "2439"]
[WhiteTeam "TIANJIN Nan Kai"]
[BlackTeam "China Mobile CHONGQING"]
[WhiteFideId "8600376"]
[BlackFideId "8602689"]
[EventDate "2010.05.23"]

1. e4 c5 2. c3 e6 3. Nf3 d5 4. exd5 exd5 5. d4 Nc6 6. Bb5 Bd6 7. dxc5 Bxc5 8.
O-O Ne7 9. Nbd2 O-O 10. Nb3 Bd6 11. h3 Bf5 12. Nbd4 Bg6 13. Re1 a6 14. Bd3 Qd7
15. Be3 Rfe8 16. Qd2 Bc7 17. Rad1 Rad8 18. Nxc6 Qxc6 19. Bf4 Bb6 20. Ne5 Qc8 21.
Nxg6 Nxg6 22. Bg3 Qc6 23. a3 h6 24. Re2 Nf8 25. Rxe8 Qxe8 26. Be2 Ne6 27. Bf3
Ng5 28. Qf4 Nxf3+ 29. Qxf3 Qe6 30. Kh2 Rd7 31. Rd2 Kh7 32. Qd3+ Qg6 33. c4 d4
34. b4 Qxd3 35. Rxd3 Kg6 36. c5 Bd8 37. Bd6 Bf6 38. Kg3 Kf5 39. Kf3 g5 40. g4+
Ke6 41. Ke4 Rd8 42. a4 Rc8 43. Rf3 Bg7 44. Rf5 Rd8 45. Kd3 b5 46. a5 Rc8 47. Ke4
Rd8 48. Kd3 Rc8 49. f4 Bf6 50. Be5 Be7 51. Bxd4 f6 52. h4 gxh4 53. Rh5 Rg8 54.
Rxh4 Kd7 55. Rxh6 Rxg4 56. Ke4 Ke6 57. Rh8 f5+ 58. Kf3 Kd5 59. Bf2 Rg6 60. Rb8
Rh6 61. Rb6 Rh3+ 62. Ke2 Rb3 63. Be1 Rb2+ 64. Bd2 1-0

[Event "TCh-CHN"]
[Site "Ningbo City CHN"]
[Date "2010.04.16"]
[Round "1"]
[White "Yu, Shaoteng"]
[Black "Lou, Yiping"]
[Result "1-0"]
[WhiteTitle "GM"]
[WhiteElo "2529"]
[BlackElo "2429"]
[WhiteTeam "GUANGDONG Huateng"]
[BlackTeam "SHANGHAI Jianqiao"]
[WhiteFideId "8600660"]
[BlackFideId "8603928"]
[EventDate "2010.05.23"]

1. e4 e6 2. d4 d5 3. Nd2 c5 4. exd5 exd5 5. Ngf3 Nf6 6. Bb5+ Bd7 7. Bxd7+ Nbxd7
8. O-O Be7 9. dxc5 Nxc5 10. Re1 O-O 11. Nf1 Re8 12. Be3 Nce4 13. Bd4 Bd6 14. Ne3
Qd7 15. Qd3 b5 16. Rad1 Rad8 17. Nxd5 Bxh2+ 18. Nxh2 Qxd5 19. Bxa7 Qa8 20. Bd4
b4 21. Qb3 Nd5 22. Qf3 Ng5 23. Qg3 f6 24. Rxe8+ Rxe8 25. Nf3 Nxf3+ 26. Qxf3 Qxa2
27. Bc5 Re5 28. Bd6 Rg5 29. Qe4 Qa8 30. f4 Rh5 31. g4 Qa7+ 32. Qd4 Qd7 33. gxh5
Qg4+ 34. Kf2 Qh4+ 35. Ke2 1-0

[Event "TCh-CHN"]
[Site "Ningbo City CHN"]
[Date "2010.04.16"]
[Round "1"]
[White "Liang, Zhihua"]
[Black "Zhang, Xiaowen"]
[Result "0-1"]
[WhiteTitle "WIM"]
[BlackTitle "WGM"]
[WhiteElo "2216"]
[BlackElo "2437"]
[WhiteTeam "GUANGDONG Huateng"]
[BlackTeam "SHANGHAI Jianqiao"]
[WhiteFideId "8600562"]
[BlackFideId "8603219"]
[EventDate "2010.05.23"]

1. e4 e6 2. d4 d5 3. Nc3 Nf6 4. Bg5 Bb4 5. e5 h6 6. Be3 Ne4 7. Qg4 Kf8 8. a3
Bxc3+ 9. bxc3 Nxc3 10. Bd3 c5 11. dxc5 Nc6 12. Nf3 f5 13. Qg3 g5 14. Nd4 Ne4 15.
Bxe4 dxe4 16. Nxc6 bxc6 17. f4 g4 18. O-O Rb8 19. Rfd1 Qe7 20. Rd6 Bd7 21. Rad1
Rb7 22. Qe1 h5 23. Bf2 h4 24. Rb1 Rxb1 25. Qxb1 g3 26. hxg3 e3 27. Bxe3 hxg3 28.
Qb7 Rh7 29. Qxa7 Qh4 30. Kf1 Be8 31. Qb8 Qg4 32. Qb4 Rh1+ 33. Bg1 Bh5 34. Qd2
Qh4 35. Qd4 Rxg1+ 36. Qxg1 Qxf4+ 37. Ke1 Qc1+ 0-1

[Event "TCh-CHN"]
[Site "Ningbo City CHN"]
[Date "2010.04.17"]
[Round "2"]
[White "Zhou, Weiqi"]
[Black "Li, Shilong"]
[Result "1-0"]
[WhiteTitle "GM"]
[BlackTitle "GM"]
[WhiteElo "2584"]
[BlackElo "2514"]
[WhiteTeam "Lanpo JIANGSU"]
[BlackTeam "GUANGDONG Huateng"]
[WhiteFideId "8601674"]
[BlackFideId "8600678"]
[EventDate "2010.05.23"]

1. Nf3 d5 2. d4 c6 3. c4 Nf6 4. e3 Bg4 5. h3 Bxf3 6. Qxf3 e6 7. Bd3 Bb4+ 8. Nd2
Nbd7 9. a3 Ba5 10. O-O O-O 11. Rd1 e5 12. cxd5 cxd5 13. dxe5 Nxe5 14. Qe2 Bc7
15. Nf1 Re8 16. Bd2 Nxd3 17. Qxd3 Be5 18. Bc3 Qe7 19. Rac1 Rac8 20. Bd4 g6 21.
Nd2 a6 22. Nf3 Bxd4 23. Qxd4 Qe6 24. Qf4 Kg7 25. Rc7 Rxc7 26. Qxc7 Re7 27. Qc3
h6 28. Rc1 Kh7 29. Qd4 Ne4 30. a4 Qf5 31. Qb4 Qf6 32. Rc8 Ng5 33. Nxg5+ hxg5 34.
a5 Rd7 35. Qa4 Re7 36. Qb4 Rd7 37. Qd4 Qxd4 38. exd4 Kg7 39. Kf1 Kf6 40. Ke2 Ke6
41. Kf3 f6 42. Kg4 Re7 43. Kf3 Kf7 44. Rc3 Rd7 45. Rb3 Kg7 46. Rb6 Kf7 47. Kg4
Re7 48. f3 Kg7 49. Kg3 Rd7 50. f4 gxf4+ 51. Kxf4 Re7 52. Kf3 Rd7 53. h4 Kf7 54.
g3 Rc7 55. g4 Rd7 56. h5 g5 57. Rb3 Re7 58. Rc3 Kg7 59. Rc5 Rd7 60. Rc8 Kh7 61.
Rc3 Re7 62. Rb3 Kg7 63. Rb4 Kf7 64. Rb6 Rd7 65. Ke3 Re7+ 66. Kf3 Rd7 67. b4 Kg7
68. b5 axb5 69. Rxb5 Kf7 70. Ke3 Re7+ 71. Kd3 Rd7 72. Rb6 Ke7 73. Kc3 Kf7 74.
Kb4 Kg7 75. Kc5 Rf7 76. Kxd5 f5 77. Rg6+ Kh7 78. Ke6 1-0

[Event "TCh-CHN"]
[Site "Ningbo City CHN"]
[Date "2010.04.17"]
[Round "2"]
[White "Le, Thanh Tu"]
[Black "Shen, Yang"]
[Result "1/2-1/2"]
[WhiteTitle "WGM"]
[BlackTitle "WGM"]
[WhiteElo "2318"]
[BlackElo "2444"]
[WhiteTeam "GUANGDONG Huateng"]
[BlackTeam "Lanpo JIANGSU"]
[WhiteFideId "12401005"]
[BlackFideId "8603162"]
[EventDate "2010.05.23"]

1. d4 d5 2. c4 c6 3. Nf3 Nf6 4. e3 Bg4 5. h3 Bxf3 6. Qxf3 e6 7. Nc3 Bb4 8. Bd3
Nbd7 9. O-O O-O 10. Bd2 Re8 11. a3 Bxc3 12. Bxc3 e5 13. Qf5 e4 14. Be2 Nf8 15.
Qg5 Re6 16. Rac1 Ng6 17. b4 h6 18. Qg3 dxc4 19. Bxc4 Nd5 20. f4 f5 21. Kh1 Kh7
22. Bd2 a6 23. Qe1 Rd6 24. Rg1 Qe7 25. Qe2 Qd7 26. Bb3 Re8 27. g3 Nf6 28. Rg2
Nd5 29. Rcg1 Re7 30. Rc1 Re8 31. Rcg1 Re7 32. Rc1 1/2-1/2

[Event "TCh-CHN"]
[Site "Ningbo City CHN"]
[Date "2010.04.17"]
[Round "2"]
[White "Huang, Qian"]
[Black "Zhang, Xiaowen"]
[Result "1-0"]
[WhiteTitle "WGM"]
[BlackTitle "WGM"]
[WhiteElo "2439"]
[BlackElo "2437"]
[WhiteTeam "China Mobile CHONGQING"]
[BlackTeam "SHANGHAI Jianqiao"]
[WhiteFideId "8602689"]
[BlackFideId "8603219"]
[EventDate "2010.05.23"]

1. d4 Nf6 2. c4 g6 3. Nc3 Bg7 4. g3 O-O 5. Bg2 d6 6. Nf3 Nc6 7. O-O Bg4 8. d5
Bxf3 9. exf3 Ne5 10. b3 Nfd7 11. Qc2 Nb6 12. Bb2 Ned7 13. f4 a5 14. Ne2 Bxb2 15.
Qxb2 Nc5 16. h4 e6 17. h5 gxh5 18. Bf3 h4 19. Kg2 Nbd7 20. Rh1 Qf6 21. Qxf6 Nxf6
22. Rxh4 exd5 23. cxd5 Rfe8 24. Rd1 Nce4 25. g4 Nd7 26. g5 Nf8 27. Rhh1 c5 28.
Ng3 Nxg3 29. Kxg3 a4 30. Rh6 axb3 31. axb3 Ra6 32. Rdh1 Rb6 33. Bd1 Re4 34. Bc2
Rd4 35. f3 Rxd5 36. Be4 Rd4 37. Bxh7+ Nxh7 38. Rxh7 Kf8 39. Rh8+ Ke7 40. Re1+
Kd7 41. Rf8 Rxb3 42. Rxf7+ Kc6 43. g6 Rd2 44. g7 1-0

[Event "TCh-CHN"]
[Site "Ningbo City CHN"]
[Date "2010.04.17"]
[Round "2"]
[White "Yu, Yangyi"]
[Black "Ma, Qun"]
[Result "0-1"]
[WhiteTitle "GM"]
[WhiteElo "2574"]
[BlackElo "2369"]
[WhiteTeam "BEIJING Aigo"]
[BlackTeam "TIANJIN Nan Kai"]
[WhiteFideId "8603820"]
[BlackFideId "8603154"]
[EventDate "2010.05.23"]

1. e4 c5 2. Nf3 d6 3. d4 cxd4 4. Nxd4 Nf6 5. Nc3 a6 6. Bc4 e6 7. Bb3 b5 8. O-O
Bb7 9. Re1 Nbd7 10. Bg5 Qb6 11. Be3 Nc5 12. f3 Qc7 13. Qd2 Be7 14. a3 Nxb3 15.
cxb3 Rc8 16. b4 O-O 17. Rac1 Qb8 18. Nb3 Nd7 19. Na5 Ne5 20. Bg5 Bxg5 21. Qxg5
Nd3 22. Qe3 Nxc1 23. Rxc1 Ba8 24. Rd1 Rfd8 25. Qd4 Rc7 26. h3 Qa7 27. Kf2 Qxd4+
28. Rxd4 Kf8 29. Ke3 g5 30. Nb3 Ke7 31. Rd1 h5 32. Nd4 Rc4 33. Nb3 Rf8 34. Nd4
h4 35. Rd2 f6 36. Rd1 Rd8 37. Nb3 Rcc8 38. Rd2 Bb7 39. Kf2 Rc7 40. Ke3 Rf8 41.
Nd4 Rcc8 42. Kf2 f5 43. exf5 e5 44. Nc2 Rxf5 45. Ne3 Rf7 46. Ke2 Ke6 47. Ng4 Rf4
48. Nf2 Rd4 49. Rc2 Rdc4 50. Rd2 Rd4 51. Rc2 Bd5 52. Ke3 Bb3 53. Re2 d5 54. Re1
Rdc4 55. Kd3 d4 56. Ne2 Bc2+ 57. Kd2 Bf5 58. Ng4 Bxg4 59. hxg4 Rc2+ 60. Kd3 Kf7
61. Rb1 Kg6 62. g3 h3 63. b3 Ra2 64. Rh1 Rcc2 65. Nc1 Rc3+ 0-1

[Event "TCh-CHN"]
[Site "Ningbo City CHN"]
[Date "2010.04.17"]
[Round "2"]
[White "Li, Chao b"]
[Black "Li, Haoyu"]
[Result "1-0"]
[WhiteTitle "GM"]
[WhiteElo "2613"]
[BlackElo "2369"]
[WhiteTeam "BEIJING Aigo"]
[BlackTeam "TIANJIN Nan Kai"]
[WhiteFideId "8604436"]
[BlackFideId "8601488"]
[EventDate "2010.05.23"]

1. e4 e5 2. Nf3 Nf6 3. Nxe5 d6 4. Nf3 Nxe4 5. d4 d5 6. Bd3 Be7 7. O-O Nc6 8. c4
Nb4 9. Be2 O-O 10. Nc3 Bf5 11. a3 Nxc3 12. bxc3 Nc6 13. Re1 Re8 14. cxd5 Qxd5
15. Bf4 Rac8 16. Bd3 Qd7 17. Rb1 Bxd3 18. Qxd3 b6 19. Re3 Qg4 20. Qe4 Qg6 21.
Qxg6 hxg6 22. d5 Nb8 23. Nd4 Bxa3 24. Ra1 Bb2 25. Rxa7 Red8 26. Bxc7 Rxd5 27.
Ra8 Rxc7 28. Rxb8+ Kh7 29. g4 Rxc3 30. Ree8 g5 31. Rh8+ Kg6 32. Rxb6+ f6 33. Ne6
Re5 34. Nf8+ Kf7 35. Rxb2 Rc7 36. Rb8 Re4 37. h3 Re2 38. Kf1 Rd2 39. Kg2 Ra7 40.
Nh7 Kg6 41. Rb5 Re7 42. Nxg5 fxg5 43. Rh5 Ree2 44. Rbxg5+ Kf7 45. Rf5+ Kg8 46.
Rf4 Re1 47. Ra5 Rdd1 48. h4 Rg1+ 49. Kf3 Rd3+ 50. Ke4 Rb3 51. h5 Rb4+ 52. Kf5
Rb6 53. Kg5 Rc1 54. Ra8+ Kh7 55. Rff8 Rb5+ 56. Kh4 Rh1+ 57. Kg3 Kh6 58. f4 1-0

[Event "TCh-CHN"]
[Site "Ningbo City CHN"]
[Date "2010.04.17"]
[Round "2"]
[White "Ning, Chunhong"]
[Black "Zhao, Xue"]
[Result "0-1"]
[WhiteTitle "WGM"]
[BlackTitle "GM"]
[WhiteElo "2347"]
[BlackElo "2490"]
[WhiteTeam "TIANJIN Nan Kai"]
[BlackTeam "BEIJING Aigo"]
[WhiteFideId "8600376"]
[BlackFideId "8601283"]
[EventDate "2010.05.23"]

1. e4 e5 2. Nf3 Nc6 3. Bc4 Bc5 4. O-O Nf6 5. d3 d6 6. c3 Bb6 7. Bb3 Ne7 8. Nbd2
c6 9. Nc4 Bc7 10. Bg5 Ng6 11. Nh4 h6 12. Nxg6 fxg6 13. Bd2 g5 14. Qe2 Qe7 15.
Rfe1 a5 16. a4 Be6 17. d4 Qf7 18. Ra3 O-O 19. Bc1 exd4 20. cxd4 Nxe4 21. Nxa5 d5
22. Nxb7 Rae8 23. Nc5 Bg4 24. Qf1 Qh5 25. f4 Bxf4 26. Bxf4 Rxf4 0-1

[Event "TCh-CHN"]
[Site "Ningbo City CHN"]
[Date "2010.04.17"]
[Round "2"]
[White "Zhang, Pengxiang"]
[Black "Yu, Ruiyuan"]
[Result "1/2-1/2"]
[WhiteTitle "GM"]
[WhiteElo "2605"]
[BlackElo "2309"]
[WhiteTeam "HEBEI"]
[BlackTeam "BEIJING Rendafuzhong"]
[WhiteFideId "8600970"]
[BlackFideId "8603090"]
[EventDate "2010.05.23"]

1. e4 d5 2. exd5 Qxd5 3. Nc3 Qa5 4. Nf3 Nf6 5. d4 c6 6. Bc4 Bf5 7. Bd2 Nbd7 8.
Nh4 Bg6 9. Nxg6 hxg6 10. Qe2 Qc7 11. h3 e6 12. O-O-O O-O-O 13. Bb3 Bd6 14. Kb1
Rhe8 15. Qf3 a6 16. Bg5 Be7 17. Na4 c5 18. Bf4 Qc6 19. Qxc6+ bxc6 20. dxc5 Nxc5
21. c4 Nxb3 22. axb3 Rxd1+ 23. Rxd1 Rd8 24. Rf1 Ne4 25. Kc2 Nc5 26. Nxc5 Bxc5
27. Bd2 e5 28. Bc3 Bd4 29. b4 g5 30. Ra1 Bxc3 31. bxc3 Kb7 32. Re1 f6 33. Re4
Kb6 34. h4 gxh4 35. Rxh4 a5 36. Rh7 axb4 37. cxb4 Rd4 38. Kc3 Rg4 39. g3 f5 40.
Kd3 Rd4+ 41. Kc3 Rg4 42. Rh4 Rxh4 43. gxh4 g6 44. Kd3 Kc7 45. Ke3 Kd6 46. Kf3
Ke6 47. Kg3 Kd6 48. Kh3 Ke6 49. Kg3 Kd6 50. Kf3 Ke6 51. Kg3 1/2-1/2

[Event "TCh-CHN"]
[Site "Ningbo City CHN"]
[Date "2010.04.18"]
[Round "3"]
[White "Lu, Shanglei"]
[Black "Xu, Jun"]
[Result "1/2-1/2"]
[BlackTitle "GM"]
[WhiteElo "2340"]
[BlackElo "2513"]
[WhiteTeam "ZHEJIANG"]
[BlackTeam "Lanpo JIANGSU"]
[WhiteFideId "8603332"]
[BlackFideId "8600031"]
[EventDate "2010.05.23"]

1. e4 c5 2. Nf3 e6 3. d4 cxd4 4. Nxd4 Nf6 5. f3 d6 6. c4 Be7 7. Nc3 O-O 8. Be2
Nc6 9. Nc2 d5 10. cxd5 exd5 11. exd5 Nb4 12. Nxb4 Bxb4 13. O-O Bxc3 14. bxc3
Nxd5 15. Qd4 Qb6 16. Qxb6 Nxb6 17. Be3 Be6 18. Rfb1 Rfc8 19. Bd4 Nd5 20. Rxb7
Nxc3 21. Bf1 a5 22. a4 h6 23. h4 Bc4 24. Re1 Bxf1 25. Kxf1 Nd5 26. Re5 Rd8 27.
Re4 Ra6 28. h5 Rc6 29. Rg4 Nf6 30. Bxf6 Rxf6 31. Rb5 Ra6 32. Rf4 Ra7 33. Ke2
Re7+ 34. Kf2 Rd2+ 35. Kg1 Ra7 36. Rb8+ Kh7 37. Re4 Rd5 38. g4 Rd2 39. Ree8 g5
40. Rh8+ Kg7 41. Rbg8+ Kf6 42. Rxh6+ Ke5 43. Re8+ Kf4 44. Kf1 Kg3 45. Re2 Rd1+
46. Re1 Rd2 47. Re2 Rd1+ 48. Re1 Rd2 49. Re2 1/2-1/2

[Event "TCh-CHN"]
[Site "Ningbo City CHN"]
[Date "2010.04.18"]
[Round "3"]
[White "Ruan, Lufei"]
[Black "Ding, Yixin"]
[Result "1-0"]
[WhiteTitle "WGM"]
[BlackTitle "WFM"]
[WhiteElo "2479"]
[BlackElo "2315"]
[WhiteTeam "Lanpo JIANGSU"]
[BlackTeam "ZHEJIANG"]
[WhiteFideId "8602727"]
[BlackFideId "8602972"]
[EventDate "2010.05.23"]

1. e4 c5 2. Nf3 d6 3. d4 cxd4 4. Nxd4 Nf6 5. Nc3 a6 6. Be2 e5 7. Nb3 Be7 8. O-O
O-O 9. Kh1 Bd7 10. f3 Bc6 11. Nd5 Nxd5 12. exd5 Be8 13. c4 Nd7 14. f4 Rc8 15.
Be3 Bf6 16. Qd2 b6 17. Rac1 a5 18. fxe5 Nxe5 19. Nd4 Bd7 20. b3 Re8 21. Rce1 Qc7
22. a4 Re7 23. Bd1 Rce8 24. Bc2 Ng4 25. Bg1 Bg5 26. Qd1 g6 27. Ne6 fxe6 28. Qxg4
exd5 29. Rxe7 Bxe7 30. Qg3 Bf8 31. Bxg6 Bg7 32. Bf7+ Kh8 33. Bxe8 Bxe8 34. cxd5
Bg6 35. Qe3 Qc5 36. Rc1 Qxe3 37. Bxe3 Be5 38. Bxb6 Be4 39. Bxa5 Bxd5 40. Bb6 1-0

[Event "TCh-CHN"]
[Site "Ningbo City CHN"]
[Date "2010.04.18"]
[Round "3"]
[White "Wang, Xiaohui"]
[Black "Guo, Qi"]
[Result "0-1"]
[WhiteElo "2238"]
[BlackElo "2143"]
[WhiteTeam "ZHEJIANG"]
[BlackTeam "Lanpo JIANGSU"]
[WhiteFideId "8603073"]
[BlackFideId "8604002"]
[EventDate "2010.05.23"]

1. c4 e6 2. Nf3 Nf6 3. e3 d5 4. b3 c5 5. Bb2 Nc6 6. cxd5 exd5 7. Bb5 Be7 8. h3
O-O 9. O-O Qb6 10. Be2 d4 11. Na3 Rd8 12. exd4 cxd4 13. Nc4 Qc7 14. d3 b5 15.
Ncd2 Be6 16. Ng5 Bd5 17. Bf3 Nb4 18. Nde4 Rac8 19. Ba3 Bxe4 20. Nxe4 Nfd5 21.
Ng3 Nc3 22. Qd2 Nbd5 23. Bxe7 Qxe7 24. Rfe1 Qf6 25. Be4 Qf4 26. Qb2 Nf6 27. Ne2
Qg5 28. Bf3 h6 29. Rac1 b4 30. a3 a5 31. axb4 axb4 32. Ra1 Nd7 33. Ng3 Qb5 34.
Bg4 Ra8 35. Nf5 Rxa1 36. Qxa1 Ne5 37. Qa7 Re8 38. Nxd4 Qd5 39. Re3 Ra8 40. Qb6
Nxg4 41. hxg4 Qg5 42. Nc2 Qxg4 43. Qxb4 Ne2+ 44. Kh2 Nf4 45. Qe4 Ra2 46. Ne1
Qh5+ 47. Kg3 Ne2+ 48. Rxe2 Rxe2 49. Qa8+ Kh7 50. Nf3 Qg6+ 51. Kh2 Rxf2 52. Ne5
Qh5+ 53. Kg1 Re2 54. d4 Qh4 0-1

[Event "TCh-CHN"]
[Site "Ningbo City CHN"]
[Date "2010.04.18"]
[Round "3"]
[White "Wen, Yang"]
[Black "Yu, Ruiyuan"]
[Result "1/2-1/2"]
[WhiteTitle "GM"]
[WhiteElo "2520"]
[BlackElo "2309"]
[WhiteTeam "SHANGDONG Linglong"]
[BlackTeam "BEIJING Rendafuzhong"]
[WhiteFideId "8602956"]
[BlackFideId "8603090"]
[EventDate "2010.05.23"]

1. e4 d5 2. exd5 Qxd5 3. Nc3 Qa5 4. Bc4 Nf6 5. Nge2 Bf5 6. O-O c6 7. d3 e6 8.
Bd2 Qc7 9. Ng3 Bg6 10. f4 Be7 11. Kh1 O-O 12. a3 Nbd7 13. Qf3 Rad8 14. Rae1 Rfe8
15. Bb3 Nb6 16. f5 exf5 17. Nxf5 Bf8 18. Nh6+ Kh8 19. Bf4 Bd6 20. Bxd6 Qxd6 21.
Nxf7+ Bxf7 22. Bxf7 Rxe1 23. Rxe1 Rf8 24. Bb3 Nfd5 25. Ne4 Qe7 26. Qg3 h6 27. h3
Nf4 28. Kh2 Nc8 29. Nd2 Ne2 30. Qb8 Re8 31. Nb1 Nd4 32. Ba2 Nb6 1/2-1/2